Największe państwa w historii - Statystyki

Ogólne statystyki
  • Ten quiz został rozwiązany 29 745 razy
    29 530 od ostatniego zresetowania
  • Średni wynik to 45 z 100
Statystyki odpowiedzi
Powierzchnia (w mln kilometrów kwadratowych) Państwo % Poprawnych
23,7 Imperium rosyjskie
97%
17,1 Rosja
96%
1,15 Rzeczpospolita Obojga Narodów
93%
14,7 Cesarstwo Qing
92%
9,9 Chiny
92%
9,8 Stany Zjednoczone
92%
6 Złota Orda
92%
33,2 Imperium brytyjskie
91%
6,4 III Rzesza
89%
13 Imperium francuskie
89%
10 Kanada
88%
2,1 Cesarstwo Francuskie
87%
1,2 Imperium Frankijskie
87%
3,5 Imperium niemieckie
87%
20,0 Imperium hiszpańskie
86%
8,7 Cesarstwo Brazylii
85%
23 Imperium mongolskie
83%
3,3 Indie
81%
7,4 Cesarstwo Japonii
79%
3,8 Imperium włoskie
79%
1,5 Mongolia
79%
3,6 Imperium Cola
78%
3,2 Sułtanat Delhijski
78%
8,2 Australia
75%
4,9 Cesarstwo Meksyku
75%
10,4 Imperium portugalskie
75%
2,8 Argentyna
72%
1,18 Zjednoczona Republika Arabska
72%
2,1 Sułtanat Mameluków
68%
2 Związek Południowej Afryki
64%
5,2 Imperium osmańskie
63%
2,7 Kazachstan
63%
3,5 Imperium Guptów
62%
1,35 Imperium Harsza
62%
2,5 Konfederacja Marathów
62%
1,5 Państwo Indo - Scytów
62%
3 Ruś Kijowska
60%
0,75 Monarchia Habsburgów
59%
22,4 Związek Radziecki
59%
2,3 Algieria
58%
2 Arabia Saudyjska
58%
6,5 Cesarstwo Rzymskie
58%
2,3 Demokratyczna Republika Konga
58%
3,6 Imperium Chorezmijskie
57%
1,9 Indonezja
57%
3 Imperium duńskie
56%
3,7 Imperium holenderskie
56%
2,5 Imperium belgijskie
51%
2 Cesarstwo zachodniorzymskie
50%
3,5 Peru - Boliwia
49%
1,26 Niger
47%
3,5 Imperium Safawidów
45%
3,5 Imperium Sasanidów
45%
2,7 Madżapahit
45%
2 Saffarydzi
45%
2,5 Wielka Kolumbia
45%
2,5 Sudan
44%
1,78 Libia
42%
1,3 Etiopia
38%
5,2 Imperium macedońskie
38%
1,28 Czad
35%
1,4 Federacja Mali
35%
1,29 Imperium Mali
35%
8 Imperium Achemenidów
34%
2,5 Królestwo Indo - Greckie
34%
1,5 Królestwo Indo - Partów
34%
1,25 Angola
28%
4,5 Bizancjum
25%
0,8 Bułgaria
22%
2 Państwo Inków
15%
4,6 Tybet
14%
11,1 Kalifat Abbasydów
7%
4,6 Imperium Timurydów
6%
13 Kalifat Umajjadów
6%
2 Konfederacja
6%
1,8 Chanat Syberyjski
4%
4,6 Imperium Mogołów
4%
1,4 Imperium Nowoasyryjskie
4%
5,1 Kalifat Fatymidów
4%
3 Unia kalmarska
4%
1,25 Aksum
3%
4 Imperium Pala
3%
3 Kaganat Chazarski
3%
6 Kaganat Turkutów
3%
2,8 Królestwo Partów
3%
1,4 Songhaj
3%
3,5 Chanat Czagatajski
2%
2,5 Chanat Kara Kitajów
2%
4 Imperium Afszarydów
2%
5 Imperium Maurjów
2%
3,9 Imperium Seldżuków
2%
3,9 Imperium Seleucydów
2%
3 Kaganat Karachanidów
2%
3,1 Kaganat ujgurski
2%
2,5 Królestwo Greko - Baktryjskie
2%
2,7 Ajjubidzi
1%
3,8 Królestwo Kuszanów
1%
2 Państwo Almohadów
1%
2,3 Państwo Dżurdżenów
1%
3,75 Państwo Hulagidów
1%
Nie znaleziono quizów pasujących do podanych kryteriów
Rozkład punktacji
Procent ludzi z każdym wynikiem
Percentyl według liczby udzielonych odpowiedzi
Twoja historia wyników
Nie rozwiązałeś tego quizu od ostatniego zresetowania